[Event "Otvoreno prvenstvo Paraæina za 2012. god"]
[Site "DCK - Paraæin"]
[Date "2012.01.28"]
[Round "8.1"]
[White "Garic, Radomir"]
[Black "Kojovic, Dragan"]
[Result "0-1"]
[WhiteElo "2274"]
[BlackElo "2387"]
[Annotator "Doe,John"]
[PlyCount "104"]
[EventDate "2012.01.20"]

1. e4 {[%emt 0:00:00]} e5 {[%emt 0:00:00]} 2. Nf3 {[%emt 0:00:00]} Nc6 {[%emt
0:00:00]} 3. Nc3 {[%emt 0:00:00]} Nf6 {[%emt 0:00:00]} 4. Bb5 {[%emt 0:00:00]}
Bb4 {[%emt 0:00:00]} 5. O-O {[%emt 0:00:00]} O-O {[%emt 0:00:00]} 6. d3 {[%emt
0:00:00]} d6 {[%emt 0:00:00]} 7. Bxc6 {[%emt 0:00:00]} bxc6 {[%emt 0:00:00]} 8.
Qe2 {[%emt 0:00:00]} h6 {[%emt 0:00:00]} 9. Nd1 {[%emt 0:00:00]} Re8 {[%emt 0:
00:00]} 10. a3 {[%emt 0:00:00]} Ba5 {[%emt 0:00:00]} 11. h3 {[%emt 0:00:00]}
Bb6 {[%emt 0:00:00]} 12. Kh2 {[%emt 0:00:00]} d5 {[%emt 0:00:00]} 13. Be3 {
[%emt 0:00:00]} Ba6 {[%emt 0:00:00]} 14. Bxb6 {[%emt 0:00:00]} dxe4 {[%emt 0:
00:00]} 15. Be3 {[%emt 0:00:00]} exf3 {[%emt 0:00:00]} 16. gxf3 {[%emt 0:00:00]
} Qd6 {[%emt 0:00:00]} 17. Kg2 {[%emt 0:00:00]} Nh5 {[%emt 0:00:00]} 18. Nc3 {
[%emt 0:00:00]} f5 {[%emt 0:00:00]} 19. Rg1 {[%emt 0:00:00]} c5 {[%emt 0:00:00]
} 20. Rae1 {[%emt 0:00:00]} Bb7 {[%emt 0:00:00]} 21. Kf1 {[%emt 0:00:00]} f4 {
[%emt 0:00:00]} 22. Bc1 {[%emt 0:00:00]} Qd7 {[%emt 0:00:00]} 23. Rh1 {[%emt 0:
00:00]} Nf6 {[%emt 0:00:00]} 24. b3 {[%emt 0:00:00]} Qf7 {[%emt 0:00:00]} 25.
Bb2 {[%emt 0:00:00]} Qh5 {[%emt 0:00:00]} 26. Ne4 {[%emt 0:00:00]} Nxe4 {[%emt
0:00:00]} 27. fxe4 {[%emt 0:00:00]} f3 {[%emt 0:00:00]} 28. Qe3 {[%emt 0:00:00]
} Bc8 {[%emt 0:00:00]} 29. Rd1 {[%emt 0:00:00]} c4 {[%emt 0:00:00]} 30. bxc4 {
[%emt 0:00:00]} Rb8 {[%emt 0:00:00]} 31. Bc3 {[%emt 0:00:00]} Bxh3+ {[%emt 0:
00:00]} 32. Ke1 {[%emt 0:00:00]} Rb6 {[%emt 0:00:00]} 33. Kd2 {[%emt 0:00:00]}
Qg4 {[%emt 0:00:00]} 34. Ba5 {[%emt 0:00:00]} Ra6 {[%emt 0:00:00]} 35. Bb4 {
[%emt 0:00:00]} Bg2 {[%emt 0:00:00]} 36. Rh2 {[%emt 0:00:00]} h5 {[%emt 0:00:
00]} 37. Kc3 {[%emt 0:00:00]} h4 {[%emt 0:00:00]} 38. Rb1 {[%emt 0:00:00]} h3 {
[%emt 0:00:00]} 39. Rb3 {[%emt 0:00:00]} Ree6 {[%emt 0:00:00]} 40. Kb2 {[%emt
0:00:00]} Qf4 {[%emt 0:00:00]} 41. Qxf4 {[%emt 0:00:00]} exf4 {[%emt 0:00:00]}
42. Bd2 {[%emt 0:00:00]} g5 {[%emt 0:00:00]} 43. Rb5 {[%emt 0:00:00]} Rab6 {
[%emt 0:00:00]} 44. Kc3 {[%emt 0:00:00]} Rxb5 {[%emt 0:00:00]} 45. cxb5 {[%emt
0:00:00]} Kf7 {[%emt 0:00:00]} 46. Kd4 {[%emt 0:00:00]} Kf6 {[%emt 0:00:00]}
47. Kc5 {[%emt 0:00:00]} Ke7 {[%emt 0:00:00]} 48. a4 {[%emt 0:00:00]} Kd7 {
[%emt 0:00:00]} 49. c4 {[%emt 0:00:00]} Rf6 {[%emt 0:00:00]} 50. e5 {[%emt 0:
00:00]} Rf5 {[%emt 0:00:00]} 51. Kd5 {[%emt 0:00:00]} g4 {[%emt 0:00:00]} 52.
Ke4 {[%emt 0:00:00]} g3 {[%emt 0:00:00]} 0-1

[Event "Otvoreno prvenstvo Paraæina za 2012. god"]
[Site "DCK - Paraæin"]
[Date "2012.01.28"]
[Round "8.2"]
[White "Zlatanovic, Boroljub"]
[Black "Mladenovic, Stefan"]
[Result "1-0"]
[WhiteElo "2434"]
[BlackElo "2181"]
[PlyCount "117"]
[EventDate "2012.01.20"]

1. c4 {[%emt 0:00:00]} e5 {[%emt 0:00:00]} 2. Nc3 {[%emt 0:00:00]} Nf6 {[%emt
0:00:00]} 3. g3 {[%emt 0:00:00]} g6 {[%emt 0:00:00]} 4. Bg2 {[%emt 0:00:00]}
Bg7 {[%emt 0:00:00]} 5. e4 {[%emt 0:00:00]} Nc6 {[%emt 0:00:00]} 6. Nge2 {
[%emt 0:00:00]} O-O {[%emt 0:00:00]} 7. O-O {[%emt 0:00:00]} d6 {[%emt 0:00:00]
} 8. d3 {[%emt 0:00:00]} Ne8 {[%emt 0:00:00]} 9. Be3 {[%emt 0:00:00]} Be6 {
[%emt 0:00:00]} 10. Nd5 {[%emt 0:00:00]} Ne7 {[%emt 0:00:00]} 11. d4 {[%emt 0:
00:00]} Bxd5 {[%emt 0:00:00]} 12. cxd5 {[%emt 0:00:00]} f5 {[%emt 0:00:00]} 13.
Qb3 {[%emt 0:00:00]} a5 {[%emt 0:00:00]} 14. dxe5 {[%emt 0:00:00]} Bxe5 {[%emt
0:00:00]} 15. Nd4 {[%emt 0:00:00]} a4 {[%emt 0:00:00]} 16. Qxb7 {[%emt 0:00:00]
} Qb8 {[%emt 0:00:00]} 17. Qxb8 {[%emt 0:00:00]} Rxb8 {[%emt 0:00:00]} 18. exf5
{[%emt 0:00:00]} Nxf5 {[%emt 0:00:00]} 19. Nxf5 {[%emt 0:00:00]} gxf5 {[%emt 0:
00:00]} 20. Rab1 {[%emt 0:00:00]} Rxb2 {[%emt 0:00:00]} 21. Rxb2 {[%emt 0:00:
00]} Bxb2 {[%emt 0:00:00]} 22. Bh3 {[%emt 0:00:00]} Ng7 {[%emt 0:00:00]} 23.
Rd1 {[%emt 0:00:00]} Rb8 {[%emt 0:00:00]} 24. Bf1 {[%emt 0:00:00]} Rb4 {[%emt
0:00:00]} 25. Rd2 {[%emt 0:00:00]} Be5 {[%emt 0:00:00]} 26. Rc2 {[%emt 0:00:00]
} Rb2 {[%emt 0:00:00]} 27. Rxb2 {[%emt 0:00:00]} Bxb2 {[%emt 0:00:00]} 28. Bb5
{[%emt 0:00:00]} a3 {[%emt 0:00:00]} 29. Ba7 {[%emt 0:00:00]} Bf6 {[%emt 0:00:
00]} 30. Bb8 {[%emt 0:00:00]} Bd8 {[%emt 0:00:00]} 31. Bd7 {[%emt 0:00:00]} Kf7
{[%emt 0:00:00]} 32. f4 {[%emt 0:00:00]} Nh5 {[%emt 0:00:00]} 33. Bxf5 {[%emt
0:00:00]} Nf6 {[%emt 0:00:00]} 34. Bd3 {[%emt 0:00:00]} Nxd5 {[%emt 0:00:00]}
35. Bc4 {[%emt 0:00:00]} Ke6 {[%emt 0:00:00]} 36. Kf2 {[%emt 0:00:00]} c6 {
[%emt 0:00:00]} 37. Ba7 {[%emt 0:00:00]} Ke7 {[%emt 0:00:00]} 38. Bxd5 {[%emt
0:00:00]} cxd5 {[%emt 0:00:00]} 39. g4 {[%emt 0:00:00]} Ba5 {[%emt 0:00:00]}
40. Bd4 {[%emt 0:00:00]} Bb4 {[%emt 0:00:00]} 41. f5 {[%emt 0:00:00]} Bd2 {
[%emt 0:00:00]} 42. Kf3 {[%emt 0:00:00]} Be1 {[%emt 0:00:00]} 43. g5 {[%emt 0:
00:00]} Kf7 {[%emt 0:00:00]} 44. Kg4 {[%emt 0:00:00]} Bd2 {[%emt 0:00:00]} 45.
h4 {[%emt 0:00:00]} Bc1 {[%emt 0:00:00]} 46. h5 {[%emt 0:00:00]} Bb2 {[%emt 0:
00:00]} 47. g6+ {[%emt 0:00:00]} hxg6 {[%emt 0:00:00]} 48. hxg6+ {[%emt 0:00:
00]} Kg8 {[%emt 0:00:00]} 49. Bb6 {[%emt 0:00:00]} Kg7 {[%emt 0:00:00]} 50. Bd8
{[%emt 0:00:00]} Bc1 {[%emt 0:00:00]} 51. Be7 {[%emt 0:00:00]} d4 {[%emt 0:00:
00]} 52. Bxd6 {[%emt 0:00:00]} d3 {[%emt 0:00:00]} 53. Be5+ {[%emt 0:00:00]}
Kf8 {[%emt 0:00:00]} 54. Kf3 {[%emt 0:00:00]} Kg8 {[%emt 0:00:00]} 55. f6 {
[%emt 0:00:00]} Bg5 {[%emt 0:00:00]} 56. f7+ {[%emt 0:00:00]} Kf8 {[%emt 0:00:
00]} 57. Bd6+ {[%emt 0:00:00]} Be7 {[%emt 0:00:00]} 58. Bxe7+ {[%emt 0:00:00]}
Kxe7 {[%emt 0:00:00]} 59. Ke3 {[%emt 0:00:00]} 1-0

[Event "Otvoreno prvenstvo Paraæina za 2012. god"]
[Site "DCK - Paraæin"]
[Date "2012.01.28"]
[Round "8.3"]
[White "Novoselski, Zoran"]
[Black "Brankovic, Dejan"]
[Result "1/2-1/2"]
[WhiteElo "2389"]
[BlackElo "2350"]
[PlyCount "42"]
[EventDate "2012.01.20"]

1. Nf3 {[%emt 0:00:00]} Nf6 {[%emt 0:00:00]} 2. d4 {[%emt 0:00:00]} g6 {[%emt
0:00:00]} 3. Nc3 {[%emt 0:00:00]} Bg7 {[%emt 0:00:00]} 4. e4 {[%emt 0:00:00]}
d6 {[%emt 0:00:00]} 5. Be2 {[%emt 0:00:00]} c6 {[%emt 0:00:00]} 6. a4 {[%emt 0:
00:00]} O-O {[%emt 0:00:00]} 7. O-O {[%emt 0:00:00]} b6 {[%emt 0:00:00]} 8. Re1
{[%emt 0:00:00]} Na6 {[%emt 0:00:00]} 9. Bf1 {[%emt 0:00:00]} Nc7 {[%emt 0:00:
00]} 10. h3 {[%emt 0:00:00]} a6 {[%emt 0:00:00]} 11. Be3 {[%emt 0:00:00]} Bb7 {
[%emt 0:00:00]} 12. Qd2 {[%emt 0:00:00]} c5 {[%emt 0:00:00]} 13. Bh6 {[%emt 0:
00:00]} Bxh6 {[%emt 0:00:00]} 14. Qxh6 {[%emt 0:00:00]} cxd4 {[%emt 0:00:00]}
15. Nxd4 {[%emt 0:00:00]} e5 {[%emt 0:00:00]} 16. Nf3 {[%emt 0:00:00]} Ne6 {
[%emt 0:00:00]} 17. Bc4 {[%emt 0:00:00]} Rc8 {[%emt 0:00:00]} 18. Bd5 {[%emt 0:
00:00]} Qe7 {[%emt 0:00:00]} 19. Rad1 {[%emt 0:00:00]} Nxd5 {[%emt 0:00:00]}
20. Nxd5 {[%emt 0:00:00]} Bxd5 {[%emt 0:00:00]} 21. exd5 {[%emt 0:00:00]} Nc5 {
[%emt 0:00:00]} 1/2-1/2

[Event "Otvoreno prvenstvo Paraæina za 2012. god"]
[Site "DCK - Paraæin"]
[Date "2012.01.28"]
[Round "8.4"]
[White "Colovic, Zoran"]
[Black "Milosevic, Aleksandar"]
[Result "0-1"]
[WhiteElo "2168"]
[BlackElo "2276"]
[PlyCount "124"]
[EventDate "2012.01.20"]

1. e4 {[%emt 0:00:00]} c5 {[%emt 0:00:00]} 2. c3 {[%emt 0:00:00]} d5 {[%emt 0:
00:00]} 3. exd5 {[%emt 0:00:00]} Qxd5 {[%emt 0:00:00]} 4. d4 {[%emt 0:00:00]}
Nf6 {[%emt 0:00:00]} 5. Nf3 {[%emt 0:00:00]} e6 {[%emt 0:00:00]} 6. Bd3 {[%emt
0:00:00]} cxd4 {[%emt 0:00:00]} 7. cxd4 {[%emt 0:00:00]} Bd7 {[%emt 0:00:00]}
8. Nc3 {[%emt 0:00:00]} Qd6 {[%emt 0:00:00]} 9. O-O {[%emt 0:00:00]} Bc6 {
[%emt 0:00:00]} 10. Nb5 {[%emt 0:00:00]} Qd8 {[%emt 0:00:00]} 11. Bf4 {[%emt 0:
00:00]} Nd5 {[%emt 0:00:00]} 12. Be5 {[%emt 0:00:00]} a6 {[%emt 0:00:00]} 13.
Nc3 {[%emt 0:00:00]} Nd7 {[%emt 0:00:00]} 14. Rc1 {[%emt 0:00:00]} N7f6 {[%emt
0:00:00]} 15. Qe2 {[%emt 0:00:00]} Be7 {[%emt 0:00:00]} 16. Rfe1 {[%emt 0:00:
00]} O-O {[%emt 0:00:00]} 17. Ng5 {[%emt 0:00:00]} g6 {[%emt 0:00:00]} 18. h4 {
[%emt 0:00:00]} Nxc3 {[%emt 0:00:00]} 19. bxc3 {[%emt 0:00:00]} Qd5 {[%emt 0:
00:00]} 20. f4 {[%emt 0:00:00]} h6 {[%emt 0:00:00]} 21. Bc4 {[%emt 0:00:00]}
Qd8 {[%emt 0:00:00]} 22. Nxf7 {[%emt 0:00:00]} Rxf7 {[%emt 0:00:00]} 23. Bxe6 {
[%emt 0:00:00]} Bd5 {[%emt 0:00:00]} 24. Bxf7+ {[%emt 0:00:00]} Bxf7 {[%emt 0:
00:00]} 25. c4 {[%emt 0:00:00]} Rc8 {[%emt 0:00:00]} 26. c5 {[%emt 0:00:00]}
Bd5 {[%emt 0:00:00]} 27. Rb1 {[%emt 0:00:00]} Qd7 {[%emt 0:00:00]} 28. Rb6 {
[%emt 0:00:00]} Bc6 {[%emt 0:00:00]} 29. Rb3 {[%emt 0:00:00]} h5 {[%emt 0:00:
00]} 30. Rg3 {[%emt 0:00:00]} Ng4 {[%emt 0:00:00]} 31. Qd3 {[%emt 0:00:00]} Qf5
{[%emt 0:00:00]} 32. Qc4+ {[%emt 0:00:00]} Qf7 {[%emt 0:00:00]} 33. Qxf7+ {
[%emt 0:00:00]} Kxf7 {[%emt 0:00:00]} 34. Rd3 {[%emt 0:00:00]} Bxh4 {[%emt 0:
00:00]} 35. g3 {[%emt 0:00:00]} Be7 {[%emt 0:00:00]} 36. Bd6 {[%emt 0:00:00]}
Bxd6 {[%emt 0:00:00]} 37. cxd6 {[%emt 0:00:00]} Rd8 {[%emt 0:00:00]} 38. d5 {
[%emt 0:00:00]} Rxd6 {[%emt 0:00:00]} 39. Red1 {[%emt 0:00:00]} Bd7 {[%emt 0:
00:00]} 40. Rc3 {[%emt 0:00:00]} Nf6 {[%emt 0:00:00]} 41. Rc7 {[%emt 0:00:00]}
b5 {[%emt 0:00:00]} 42. Kf2 {[%emt 0:00:00]} Nxd5 {[%emt 0:00:00]} 43. Ra7 {
[%emt 0:00:00]} Kf6 {[%emt 0:00:00]} 44. a3 {[%emt 0:00:00]} Be6 {[%emt 0:00:
00]} 45. Rd2 {[%emt 0:00:00]} Rc6 {[%emt 0:00:00]} 46. Ra8 {[%emt 0:00:00]} Rb6
{[%emt 0:00:00]} 47. Rf8+ {[%emt 0:00:00]} Ke7 {[%emt 0:00:00]} 48. Ra8 {[%emt
0:00:00]} Nf6 {[%emt 0:00:00]} 49. Ra7+ {[%emt 0:00:00]} Nd7 {[%emt 0:00:00]}
50. Ke3 {[%emt 0:00:00]} Rc6 {[%emt 0:00:00]} 51. Kf2 {[%emt 0:00:00]} Rb6 {
[%emt 0:00:00]} 52. Ke3 {[%emt 0:00:00]} Kd8 {[%emt 0:00:00]} 53. Ra8+ {[%emt
0:00:00]} Kc7 {[%emt 0:00:00]} 54. Rh8 {[%emt 0:00:00]} Bf5 {[%emt 0:00:00]}
55. Rh7 {[%emt 0:00:00]} a5 {[%emt 0:00:00]} 56. Rd1 {[%emt 0:00:00]} b4 {
[%emt 0:00:00]} 57. axb4 {[%emt 0:00:00]} axb4 {[%emt 0:00:00]} 58. Rd2 {[%emt
0:00:00]} b3 {[%emt 0:00:00]} 59. Rb2 {[%emt 0:00:00]} Kc6 {[%emt 0:00:00]} 60.
Rf7 {[%emt 0:00:00]} Nc5 {[%emt 0:00:00]} 61. Kd4 {[%emt 0:00:00]} Kb5 {[%emt
0:00:00]} 62. Re7 {[%emt 0:00:00]} Kb4 {[%emt 0:00:00]} 0-1

[Event "Otvoreno prvenstvo Paraæina za 2012. god"]
[Site "DCK - Paraæin"]
[Date "2012.01.28"]
[Round "8.5"]
[White "Dinic, Dragan"]
[Black "Zajic, Milan"]
[Result "1/2-1/2"]
[WhiteElo "2310"]
[BlackElo "2142"]
[PlyCount "26"]
[EventDate "2012.01.20"]

1. e4 {[%emt 0:00:00]} d5 {[%emt 0:00:00]} 2. exd5 {[%emt 0:00:00]} Qxd5 {
[%emt 0:00:00]} 3. d4 {[%emt 0:00:00]} Nf6 {[%emt 0:00:00]} 4. Nf3 {[%emt 0:00:
00]} Bg4 {[%emt 0:00:00]} 5. Be2 {[%emt 0:00:00]} c6 {[%emt 0:00:00]} 6. O-O {
[%emt 0:00:00]} e6 {[%emt 0:00:00]} 7. c4 {[%emt 0:00:00]} Qd8 {[%emt 0:00:00]}
8. Bf4 {[%emt 0:00:00]} Nbd7 {[%emt 0:00:00]} 9. Nc3 {[%emt 0:00:00]} Nb6 {
[%emt 0:00:00]} 10. Qb3 {[%emt 0:00:00]} Bxf3 {[%emt 0:00:00]} 11. Bxf3 {[%emt
0:00:00]} Qxd4 {[%emt 0:00:00]} 12. Be3 {[%emt 0:00:00]} Qd7 {[%emt 0:00:00]}
13. Bxb6 {[%emt 0:00:00]} axb6 {[%emt 0:00:00]} 1/2-1/2

[Event "Otvoreno prvenstvo Paraæina za 2012. god"]
[Site "DCK - Paraæin"]
[Date "2012.01.28"]
[Round "8.6"]
[White "Radosavljevic, Slobodan D"]
[Black "Radovic, Janko"]
[Result "1/2-1/2"]
[WhiteElo "2231"]
[BlackElo "2033"]
[PlyCount "50"]
[EventDate "2012.01.20"]

1. g3 {[%emt 0:00:00]} d5 {[%emt 0:00:00]} 2. Bg2 {[%emt 0:00:00]} Nf6 {[%emt
0:00:00]} 3. d3 {[%emt 0:00:00]} g6 {[%emt 0:00:00]} 4. Nf3 {[%emt 0:00:00]}
Bg7 {[%emt 0:00:00]} 5. O-O {[%emt 0:00:00]} O-O {[%emt 0:00:00]} 6. c4 {[%emt
0:00:00]} c6 {[%emt 0:00:00]} 7. Qc2 {[%emt 0:00:00]} Re8 {[%emt 0:00:00]} 8.
e4 {[%emt 0:00:00]} e5 {[%emt 0:00:00]} 9. Nc3 {[%emt 0:00:00]} dxe4 {[%emt 0:
00:00]} 10. dxe4 {[%emt 0:00:00]} Qe7 {[%emt 0:00:00]} 11. h3 {[%emt 0:00:00]}
Nbd7 {[%emt 0:00:00]} 12. Be3 {[%emt 0:00:00]} Nf8 {[%emt 0:00:00]} 13. c5 {
[%emt 0:00:00]} Qc7 {[%emt 0:00:00]} 14. b4 {[%emt 0:00:00]} Be6 {[%emt 0:00:
00]} 15. Na4 {[%emt 0:00:00]} Rad8 {[%emt 0:00:00]} 16. Nc3 {[%emt 0:00:00]} h6
{[%emt 0:00:00]} 17. Nd2 {[%emt 0:00:00]} Re7 {[%emt 0:00:00]} 18. f4 {[%emt 0:
00:00]} Nh5 {[%emt 0:00:00]} 19. f5 {[%emt 0:00:00]} gxf5 {[%emt 0:00:00]} 20.
exf5 {[%emt 0:00:00]} Bd5 {[%emt 0:00:00]} 21. Nce4 {[%emt 0:00:00]} Nh7 {
[%emt 0:00:00]} 22. Kh2 {[%emt 0:00:00]} N7f6 {[%emt 0:00:00]} 23. Nc4 {[%emt
0:00:00]} Nxe4 {[%emt 0:00:00]} 24. Bxe4 {[%emt 0:00:00]} Bxc4 {[%emt 0:00:00]}
25. Qxc4 {[%emt 0:00:00]} Rd4 {[%emt 0:00:00]} 1/2-1/2

[Event "Otvoreno prvenstvo Paraæina za 2012. god"]
[Site "DCK - Paraæin"]
[Date "2012.01.28"]
[Round "8.7"]
[White "Radovanovic, Nikola"]
[Black "Stefanovic, Vladimir"]
[Result "1/2-1/2"]
[WhiteElo "2092"]
[BlackElo "2187"]
[PlyCount "60"]
[EventDate "2012.01.20"]

1. e4 {[%emt 0:00:00]} c5 {[%emt 0:00:00]} 2. Nf3 {[%emt 0:00:00]} Nc6 {[%emt
0:00:00]} 3. d4 {[%emt 0:00:00]} cxd4 {[%emt 0:00:00]} 4. Nxd4 {[%emt 0:00:00]}
g6 {[%emt 0:00:00]} 5. Nc3 {[%emt 0:00:00]} Bg7 {[%emt 0:00:00]} 6. Be3 {[%emt
0:00:00]} Nf6 {[%emt 0:00:00]} 7. Bc4 {[%emt 0:00:00]} O-O {[%emt 0:00:00]} 8.
Bb3 {[%emt 0:00:00]} d6 {[%emt 0:00:00]} 9. h3 {[%emt 0:00:00]} Na5 {[%emt 0:
00:00]} 10. O-O {[%emt 0:00:00]} Nxb3 {[%emt 0:00:00]} 11. axb3 {[%emt 0:00:00]
} b6 {[%emt 0:00:00]} 12. b4 {[%emt 0:00:00]} Bb7 {[%emt 0:00:00]} 13. Qd3 {
[%emt 0:00:00]} Qd7 {[%emt 0:00:00]} 14. f3 {[%emt 0:00:00]} Rfd8 {[%emt 0:00:
00]} 15. Nde2 {[%emt 0:00:00]} e5 {[%emt 0:00:00]} 16. Rfd1 {[%emt 0:00:00]} d5
{[%emt 0:00:00]} 17. exd5 {[%emt 0:00:00]} Nxd5 {[%emt 0:00:00]} 18. Nxd5 {
[%emt 0:00:00]} Qxd5 {[%emt 0:00:00]} 19. Qxd5 {[%emt 0:00:00]} Rxd5 {[%emt 0:
00:00]} 20. Rxd5 {[%emt 0:00:00]} Bxd5 {[%emt 0:00:00]} 21. Nc3 {[%emt 0:00:00]
} Bc6 {[%emt 0:00:00]} 22. b5 {[%emt 0:00:00]} Bb7 {[%emt 0:00:00]} 23. Rd1 {
[%emt 0:00:00]} Bf6 {[%emt 0:00:00]} 24. Rd6 {[%emt 0:00:00]} Bh4 {[%emt 0:00:
00]} 25. Ne4 {[%emt 0:00:00]} f5 {[%emt 0:00:00]} 26. Nf6+ {[%emt 0:00:00]}
Bxf6 {[%emt 0:00:00]} 27. Rxf6 {[%emt 0:00:00]} Rd8 {[%emt 0:00:00]} 28. Bh6 {
[%emt 0:00:00]} Bd5 {[%emt 0:00:00]} 29. b3 {[%emt 0:00:00]} e4 {[%emt 0:00:00]
} 30. c4 {[%emt 0:00:00]} Bb7 {[%emt 0:00:00]} 1/2-1/2

[Event "Otvoreno prvenstvo Paraæina za 2012. god"]
[Site "DCK - Paraæin"]
[Date "2012.01.28"]
[Round "8.8"]
[White "Grujic, Nebojsa"]
[Black "Tosic, Dragoljub"]
[Result "1-0"]
[WhiteElo "2160"]
[BlackElo "1997"]
[PlyCount "69"]
[EventDate "2012.01.20"]

1. d4 {[%emt 0:00:00]} Nf6 {[%emt 0:00:00]} 2. c4 {[%emt 0:00:00]} d6 {[%emt 0:
00:00]} 3. Nc3 {[%emt 0:00:00]} g6 {[%emt 0:00:00]} 4. e4 {[%emt 0:00:00]} Bg7
{[%emt 0:00:00]} 5. f3 {[%emt 0:00:00]} c6 {[%emt 0:00:00]} 6. Be3 {[%emt 0:00:
00]} Qa5 {[%emt 0:00:00]} 7. Qd2 {[%emt 0:00:00]} h6 {[%emt 0:00:00]} 8. Nge2 {
[%emt 0:00:00]} Na6 {[%emt 0:00:00]} 9. Nc1 {[%emt 0:00:00]} Bd7 {[%emt 0:00:
00]} 10. Nb3 {[%emt 0:00:00]} Qc7 {[%emt 0:00:00]} 11. Be2 {[%emt 0:00:00]} b6
{[%emt 0:00:00]} 12. O-O {[%emt 0:00:00]} g5 {[%emt 0:00:00]} 13. c5 {[%emt 0:
00:00]} b5 {[%emt 0:00:00]} 14. cxd6 {[%emt 0:00:00]} exd6 {[%emt 0:00:00]} 15.
d5 {[%emt 0:00:00]} b4 {[%emt 0:00:00]} 16. Nd1 {[%emt 0:00:00]} Nb8 {[%emt 0:
00:00]} 17. Rc1 {[%emt 0:00:00]} a5 {[%emt 0:00:00]} 18. dxc6 {[%emt 0:00:00]}
Bc8 {[%emt 0:00:00]} 19. Nd4 {[%emt 0:00:00]} O-O {[%emt 0:00:00]} 20. Nb5 {
[%emt 0:00:00]} Qe7 {[%emt 0:00:00]} 21. Qxd6 {[%emt 0:00:00]} Qxd6 {[%emt 0:
00:00]} 22. Nxd6 {[%emt 0:00:00]} Na6 {[%emt 0:00:00]} 23. Nf2 {[%emt 0:00:00]}
Nc7 {[%emt 0:00:00]} 24. Rfd1 {[%emt 0:00:00]} Ba6 {[%emt 0:00:00]} 25. Kf1 {
[%emt 0:00:00]} Rfb8 {[%emt 0:00:00]} 26. Nf5 {[%emt 0:00:00]} Bf8 {[%emt 0:00:
00]} 27. Bd4 {[%emt 0:00:00]} Nfe8 {[%emt 0:00:00]} 28. Ng4 {[%emt 0:00:00]} h5
{[%emt 0:00:00]} 29. Ngh6+ {[%emt 0:00:00]} Bxh6 {[%emt 0:00:00]} 30. Nxh6+ {
[%emt 0:00:00]} Kf8 {[%emt 0:00:00]} 31. Bc5+ {[%emt 0:00:00]} Kg7 {[%emt 0:00:
00]} 32. Nf5+ {[%emt 0:00:00]} Kg6 {[%emt 0:00:00]} 33. Rd7 {[%emt 0:00:00]}
Bc8 {[%emt 0:00:00]} 34. Ne7+ {[%emt 0:00:00]} Kh6 {[%emt 0:00:00]} 35. Nxc8 {
[%emt 0:00:00]} 1-0

[Event "Otvoreno prvenstvo Paraæina za 2012. god"]
[Site "DCK - Paraæin"]
[Date "2012.01.28"]
[Round "8.9"]
[White "Popovic, Djordje D"]
[Black "Zivkovic, Zivojin"]
[Result "1/2-1/2"]
[WhiteElo "2260"]
[BlackElo "1979"]
[PlyCount "80"]
[EventDate "2012.01.20"]

1. d4 {[%emt 0:00:00]} Nf6 {[%emt 0:00:00]} 2. c4 {[%emt 0:00:00]} g6 {[%emt 0:
00:00]} 3. Nc3 {[%emt 0:00:00]} Bg7 {[%emt 0:00:00]} 4. e4 {[%emt 0:00:00]} d6
{[%emt 0:00:00]} 5. Nf3 {[%emt 0:00:00]} O-O {[%emt 0:00:00]} 6. Be2 {[%emt 0:
00:00]} Nbd7 {[%emt 0:00:00]} 7. O-O {[%emt 0:00:00]} e5 {[%emt 0:00:00]} 8. d5
{[%emt 0:00:00]} a5 {[%emt 0:00:00]} 9. Ne1 {[%emt 0:00:00]} Nc5 {[%emt 0:00:
00]} 10. Qc2 {[%emt 0:00:00]} Ne8 {[%emt 0:00:00]} 11. Nd3 {[%emt 0:00:00]}
Nxd3 {[%emt 0:00:00]} 12. Bxd3 {[%emt 0:00:00]} f5 {[%emt 0:00:00]} 13. f3 {
[%emt 0:00:00]} f4 {[%emt 0:00:00]} 14. Bd2 {[%emt 0:00:00]} g5 {[%emt 0:00:00]
} 15. g4 {[%emt 0:00:00]} fxg3 {[%emt 0:00:00]} 16. hxg3 {[%emt 0:00:00]} g4 {
[%emt 0:00:00]} 17. fxg4 {[%emt 0:00:00]} Rxf1+ {[%emt 0:00:00]} 18. Rxf1 {
[%emt 0:00:00]} Bxg4 {[%emt 0:00:00]} 19. Kg2 {[%emt 0:00:00]} h5 {[%emt 0:00:
00]} 20. Be3 {[%emt 0:00:00]} Qd7 {[%emt 0:00:00]} 21. Rh1 {[%emt 0:00:00]} Qf7
{[%emt 0:00:00]} 22. Be2 {[%emt 0:00:00]} Nf6 {[%emt 0:00:00]} 23. Bg5 {[%emt
0:00:00]} Qg6 {[%emt 0:00:00]} 24. Bxf6 {[%emt 0:00:00]} Bxf6 {[%emt 0:00:00]}
25. Bxg4 {[%emt 0:00:00]} hxg4 {[%emt 0:00:00]} 26. Qe2 {[%emt 0:00:00]} Kg7 {
[%emt 0:00:00]} 27. Nd1 {[%emt 0:00:00]} Rg8 {[%emt 0:00:00]} 28. Nf2 {[%emt 0:
00:00]} Kf7 {[%emt 0:00:00]} 29. Qe3 {[%emt 0:00:00]} Ra8 {[%emt 0:00:00]} 30.
Qh6 {[%emt 0:00:00]} Ra6 {[%emt 0:00:00]} 31. Qxg6+ {[%emt 0:00:00]} Kxg6 {
[%emt 0:00:00]} 32. Nxg4 {[%emt 0:00:00]} Rb6 {[%emt 0:00:00]} 33. b3 {[%emt 0:
00:00]} a4 {[%emt 0:00:00]} 34. Nxf6 {[%emt 0:00:00]} Kxf6 {[%emt 0:00:00]} 35.
Rh7 {[%emt 0:00:00]} axb3 {[%emt 0:00:00]} 36. axb3 {[%emt 0:00:00]} c5 {[%emt
0:00:00]} 37. Rd7 {[%emt 0:00:00]} Kg5 {[%emt 0:00:00]} 38. Kh3 {[%emt 0:00:00]
} Kh5 {[%emt 0:00:00]} 39. Rd8 {[%emt 0:00:00]} Kg5 {[%emt 0:00:00]} 40. Rg8+ {
[%emt 0:00:00]} Kf6 {[%emt 0:00:00]} 1/2-1/2

[Event "Otvoreno prvenstvo Paraæina za 2012. god"]
[Site "DCK - Paraæin"]
[Date "2012.01.28"]
[Round "8.10"]
[White "Antic, Nenad"]
[Black "Cvetanovic, Uros"]
[Result "0-1"]
[WhiteElo "2066"]
[BlackElo "2214"]
[PlyCount "52"]
[EventDate "2012.01.20"]

1. d4 {[%emt 0:00:00]} Nf6 {[%emt 0:00:00]} 2. c4 {[%emt 0:00:00]} e6 {[%emt 0:
00:00]} 3. a3 {[%emt 0:00:00]} b6 {[%emt 0:00:00]} 4. Nc3 {[%emt 0:00:00]} Bb7
{[%emt 0:00:00]} 5. Nf3 {[%emt 0:00:00]} d6 {[%emt 0:00:00]} 6. h3 {[%emt 0:00:
00]} Nbd7 {[%emt 0:00:00]} 7. Bf4 {[%emt 0:00:00]} Ne4 {[%emt 0:00:00]} 8. Rc1
{[%emt 0:00:00]} Nxc3 {[%emt 0:00:00]} 9. Rxc3 {[%emt 0:00:00]} g6 {[%emt 0:00:
00]} 10. e3 {[%emt 0:00:00]} Bg7 {[%emt 0:00:00]} 11. Be2 {[%emt 0:00:00]} O-O
{[%emt 0:00:00]} 12. O-O {[%emt 0:00:00]} e5 {[%emt 0:00:00]} 13. Bh2 {[%emt 0:
00:00]} Qe7 {[%emt 0:00:00]} 14. Re1 {[%emt 0:00:00]} Rae8 {[%emt 0:00:00]} 15.
Rc1 {[%emt 0:00:00]} f5 {[%emt 0:00:00]} 16. dxe5 {[%emt 0:00:00]} dxe5 {[%emt
0:00:00]} 17. Qc2 {[%emt 0:00:00]} Be4 {[%emt 0:00:00]} 18. Qb3 {[%emt 0:00:00]
} Nc5 {[%emt 0:00:00]} 19. Qa2 {[%emt 0:00:00]} Bxf3 {[%emt 0:00:00]} 20. gxf3
{[%emt 0:00:00]} Qh4 {[%emt 0:00:00]} 21. b4 {[%emt 0:00:00]} Ne6 {[%emt 0:00:
00]} 22. c5 {[%emt 0:00:00]} Kh8 {[%emt 0:00:00]} 23. cxb6 {[%emt 0:00:00]}
cxb6 {[%emt 0:00:00]} 24. Bb5 {[%emt 0:00:00]} Qxh3 {[%emt 0:00:00]} 25. Bxe8 {
[%emt 0:00:00]} Ng5 {[%emt 0:00:00]} 26. Qe2 {[%emt 0:00:00]} Rxe8 {[%emt 0:00:
00]} 0-1